[Event "43rd World U20 ch"]
[Site "Kochi IND"]
[Date "2004.11.20"]
[Round "2.7"]
[White "Smeets, Jan"]
[Black "Tikkanen, Hans"]
[Result "0-1"]
[WhiteElo "2515"]
[BlackElo "2338"]
[EventDate "2004.11.19"]
[PlyCount "98"]

1.e4 g6 2.d4 Bg7 3.Nc3 d6 4.f4 a6 5.Nf3 b5 6.Bd3 Nd7 7.e5 c5 8.Be4 Rb8 9.
dxc5 Nxc5 10.Bc6+ Bd7 11.Bxd7+ Qxd7 12.Be3 Qc6 13.Qd5 Rc8 14.O-O-O Qxd5 
15.Rxd5 Nb7 16.Rhd1 Nh6 17.Ne4 Nf5 18.exd6 Nbxd6 19.Nxd6+ Nxd6 20.Bc5 Ne4 
21.Bb4 Nf6 22.Rc5 Rxc5 23.Bxc5 Nd7 24.Bb4 Nb8 25.Rd3 f6 26.Rc3 Kd7 27.Rd3+
Ke8 28.Nd4 Bh6 29.g3 Kf7 30.Rc3 Rd8 31.Ne2 g5 32.Rc7 gxf4 33.gxf4 Rd7 34.
Rc8 Rb7 35.Bd2 Nd7 36.Rh8 Nf8 37.Nd4 Kg7 38.Rxf8 Kxf8 39.Ne6+ Ke8 40.Be3 
Rd7 41.b3 Rd6 42.Nc5 e5 43.Nd3 exf4 44.Nxf4 Bxf4 45.Bxf4 Rd4 46.Bg3 f5 47.
c3 Rg4 48.Bb8 Rg2 49.a3 Kd7 0-1

[Event "43rd World U20 ch"]
[Site "Kochi IND"]
[Date "2004.11.20"]
[Round "2.8"]
[White "Nad Hedesi, Balind"]
[Black "Quezada Perez, Yuniesky"]
[Result "0-1"]
[WhiteElo "2337"]
[BlackElo "2513"]
[EventDate "2004.11.19"]
[PlyCount "80"]

1.e4 c5 2.Nf3 d6 3.d4 cxd4 4.Nxd4 Nf6 5.Nc3 a6 6.Be2 e5 7.Nb3 Be7 8.Bg5 
Be6 9.Bxf6 Bxf6 10.Qd3 Nc6 11.O-O-O Be7 12.Nd5 Bg5+ 13.Kb1 O-O 14.h4 Bxh4 
15.g3 Bf6 16.Qf3 Bg5 17.Qh5 Bh6 18.f4 f5 19.g4 fxg4 20.Rdg1 Kh8 21.Bxg4 
Bf7 22.Qh3 Ne7 23.Nxe7 Qxe7 24.f5 Rad8 25.Bf3 Bg8 26.Rd1 b5 27.Nc1 a5 28.
Be2 Qb7 29.Qh4 Rc8 30.Bd3 a4 31.Ne2 Qf7 32.b3 Qa7 33.Bxb5 axb3 34.cxb3 Qa3
35.Qg3 Rc5 36.Bd7 Ra8 37.Bb5 Rf8 38.Rxh6 gxh6 39.Rg1 Rc7 40.f6 Be6 0-1

[Event "43rd World U20 ch"]
[Site "Kochi IND"]
[Date "2004.11.20"]
[Round "2.10"]
[White "Perdomo, Leandro"]
[Black "Drozdovskyi, Yury"]
[Result "1/2-1/2"]
[WhiteElo "2312"]
[BlackElo "2510"]
[EventDate "2004.11.19"]
[PlyCount "39"]

1.d4 d5 2.c4 dxc4 3.e3 Nf6 4.Bxc4 e6 5.Nf3 c5 6.O-O Nc6 7.Nc3 cxd4 8.exd4 
Be7 9.Re1 O-O 10.a3 b6 11.d5 Na5 12.Ba2 exd5 13.b4 Nc4 14.Nxd5 Nxd5 15.
Bxc4 Bb7 16.Rxe7 Bc8 17.Qb3 Nf6 18.Ne5 Bb7 19.Bb2 Bd5 20.Re1 1/2-1/2

[Event "43rd World U20 ch"]
[Site "Kochi IND"]
[Date "2004.11.20"]
[Round "2.11"]
[White "Humpy, Koneru"]
[Black "Hasan Parag, Mehdi"]
[Result "1-0"]
[WhiteElo "2503"]
[BlackElo "2251"]
[EventDate "2004.11.19"]
[PlyCount "79"]

1.d4 d5 2.Nf3 Nf6 3.c4 c6 4.e3 Bf5 5.Nc3 e6 6.Nh4 Be4 7.f3 Bg6 8.Nxg6 hxg6
9.Qb3 Qb6 10.Qc2 Nbd7 11.Bd2 Qc7 12.cxd5 Nxd5 13.g3 Bd6 14.f4 O-O-O 15.
O-O-O g5 16.fxg5 Bxg3 17.h3 Nxc3 18.Bxc3 Nf8 19.Bd3 Rh5 20.g6 f6 21.Kb1 
Kb8 22.Rdg1 Rg5 23.Rg2 Rh5 24.Qe2 Rh6 25.Qf3 Bd6 26.h4 e5 27.Bf5 exd4 28.
exd4 Nd7 29.Bd2 Rhh8 30.h5 Nb6 31.h6 Nd5 32.Rf1 Rde8 33.h7 Qb6 34.Rg4 Bb4 
35.Bc1 Nc3+ 36.bxc3 Bxc3+ 37.Kc2 Bxd4 38.Qb3 Qa6 39.Bd3 Re2+ 40.Kb1 1-0

[Event "43rd World U20 ch"]
[Site "Kochi IND"]
[Date "2004.11.20"]
[Round "2.12"]
[White "Cifka, Stanislav"]
[Black "Bartel, Mateusz"]
[Result "0-1"]
[WhiteElo "2310"]
[BlackElo "2481"]
[EventDate "2004.11.19"]
[PlyCount "96"]

1.e4 e6 2.d4 d5 3.Nc3 Bb4 4.e5 c5 5.a3 Bxc3+ 6.bxc3 Qa5 7.Bd2 Ne7 8.Qg4 
Kf8 9.a4 Nbc6 10.Nf3 Qb6 11.dxc5 Qxc5 12.Bd3 h6 13.O-O b6 14.Rfe1 Na5 15.
Qb4 Bd7 16.Qxc5 bxc5 17.c4 Nxc4 18.Bxc4 dxc4 19.Be3 f5 20.Bxc5 Kf7 21.Nd4 
Rhc8 22.Bd6 Nc6 23.Nxc6 Bxc6 24.a5 g5 25.a6 Be4 26.c3 Rc6 27.f3 Bd3 28.Ra5
f4 29.Rea1 Rb6 30.Rc5 Kg6 31.Rc7 g4 32.Bc5 Rb2 33.Rb7 Rc2 34.Rxa7 Rg8 35.
fxg4 Be4 36.Bf2 h5 37.Rc7 Rxc3 38.h3 hxg4 39.hxg4 Kg5 40.a7 Kxg4 41.Rf7 
Rc2 42.Ra6 Rh8 43.Rxe6 Bd5 44.Rg7+ Kh5 45.Rb6 Ra8 46.Rb8 Ra2 47.Rgg8 R8xa7
48.Bxa7 Rxa7 0-1

[Event "43rd World U20 ch"]
[Site "Kochi IND"]
[Date "2004.11.20"]
[Round "2.13"]
[White "Louw, Daniel Johannes"]
[Black "Venkatesh, Marani Rajendran"]
[Result "1/2-1/2"]
[WhiteElo "2187"]
[BlackElo "2450"]
[EventDate "2004.11.19"]
[PlyCount "59"]

1.d4 Nf6 2.Nf3 e6 3.g3 b6 4.c4 Ba6 5.b3 Bb4+ 6.Bd2 Be7 7.Bg2 c6 8.O-O d5 
9.cxd5 cxd5 10.Ne5 Nfd7 11.Nxd7 Qxd7 12.Nc3 Nc6 13.Be3 O-O 14.a3 Rfc8 15.
Qb1 Rc7 16.Qb2 Bf6 17.Rfd1 Rac8 18.Rac1 h6 19.h4 b5 20.b4 Ne7 21.Bh3 Rc4 
22.Nb1 Qc6 23.Rxc4 dxc4 24.Nc3 Bb7 25.f3 Nf5 26.Bf2 Rd8 27.Ne4 Be7 28.Qc2 
Qc7 29.Bxf5 exf5 30.Nc5 1/2-1/2

[Event "43rd World U20 ch"]
[Site "Kochi IND"]
[Date "2004.11.20"]
[Round "2.14"]
[White "Moradiabadi, Elshan"]
[Black "Aswin, Jayaram"]
[Result "1/2-1/2"]
[WhiteElo "2445"]
[BlackElo "2160"]
[EventDate "2004.11.19"]
[PlyCount "116"]

1.c4 e6 2.Nc3 d5 3.d4 Be7 4.Nf3 Nf6 5.Bg5 h6 6.Bh4 O-O 7.e3 b6 8.cxd5 Nxd5
9.Bg3 Bb7 10.Bd3 Nd7 11.e4 Nxc3 12.bxc3 c5 13.O-O Nb8 14.Rc1 Nc6 15.d5 
exd5 16.exd5 Na5 17.c4 Bd6 18.Bb1 Bxg3 19.fxg3 Qd6 20.Qd3 g6 21.Nd2 f5 22.
g4 fxg4 23.Ne4 Qe5 24.Nf2 Bc8 25.Qxg6+ Qg7 26.Rfe1 g3 27.hxg3 Qxg6 28.Bxg6
Bf5 29.Bh5 Rad8 30.Re5 Nb7 31.g4 Bc8 32.g5 Nd6 33.gxh6 Kh7 34.Ne4 Rf4 35.
Bf3 Kxh6 36.Kf2 Nxe4+ 37.Rxe4 Rxe4 38.Bxe4 Ba6 39.Bd3 Kg5 40.Re1 Rh8 41.
Re7 Rh4 42.Be4 Bxc4 43.d6 Kf6 44.Ke3 Rh8 45.Rxa7 Rd8 46.d7 Ke7 47.Bf5 Be6 
48.Bxe6 Kxe6 49.Rb7 Rxd7 50.Rxb6+ Kd5 51.g4 Ra7 52.Rb2 Ke5 53.g5 Ra3+ 54.
Kf2 Kf5 55.Rc2 Kxg5 56.Rxc5+ Kf4 57.Rc2 Ke4 58.Rd2 Rd3 1/2-1/2

[Event "43rd World U20 ch"]
[Site "Kochi IND"]
[Date "2004.11.20"]
[Round "2.15"]
[White "Artels, Lieven"]
[Black "Gupta, Abhijeet"]
[Result "0-1"]
[WhiteElo "2084"]
[BlackElo "2412"]
[EventDate "2004.11.19"]
[PlyCount "52"]

1.e4 c5 2.Nf3 d6 3.d4 cxd4 4.Nxd4 Nf6 5.Nc3 Nc6 6.Be2 e5 7.Nf3 h6 8.O-O 
Be7 9.Re1 O-O 10.h3 Be6 11.Bf1 Qd7 12.a4 Bd8 13.b3 Rc8 14.Ba3 Ba5 15.Bb2 
Ne7 16.Re3 Rfd8 17.Qe2 Ng6 18.Rd1 Bb6 19.Nb5 Bxe3 20.Qxe3 Rxc2 21.Nxe5 
dxe5 22.Rxd7 Rxd7 23.Ba3 Rd1 24.Nc3 Ra1 25.Nb5 a6 26.Qd3 Rca2 0-1

[Event "43rd World U20 ch"]
[Site "Kochi IND"]
[Date "2004.11.20"]
[Round "2.16"]
[White "Wojtaszek, Radoslaw"]
[Black "Soon Wai Cheong"]
[Result "1-0"]
[WhiteElo "2536"]
[BlackElo "2048"]
[EventDate "2004.11.19"]
[PlyCount "81"]

1.d4 d5 2.Nf3 Nf6 3.c4 dxc4 4.Nc3 Bf5 5.Ne5 c6 6.f3 b5 7.e4 Bg6 8.a4 b4 9.
Na2 e6 10.Bxc4 Be7 11.Be3 O-O 12.O-O Qc7 13.Nd3 a5 14.Rc1 Qb7 15.Qd2 Nbd7 
16.Bb3 Rfd8 17.Qf2 Rac8 18.Rfd1 Qb8 19.Bc4 Qb7 20.Rd2 Bxe4 21.fxe4 Nxe4 
22.Qe1 Nxd2 23.Qxd2 Nf6 24.Qe2 Nd5 25.Bf2 Bf6 26.Ne5 Qb6 27.Re1 Qa7 28.Nc1
Qc7 29.Ncd3 Nb6 30.Bb3 Nd5 31.h3 Re8 32.Rc1 Qb6 33.Nd7 Qd8 34.Nxf6+ Qxf6 
35.Rc5 Qd8 36.Ne5 Qb6 37.Nc4 Qd8 38.Nxa5 Qd6 39.Nc4 Qd8 40.a5 Qg5 41.Nd6 
1-0

[Event "43rd World U20 ch"]
[Site "Kochi IND"]
[Date "2004.11.20"]
[Round "2.17"]
[White "Swaraj, Palit"]
[Black "Paragua, Mark"]
[Result "0-1"]
[WhiteElo "2172"]
[BlackElo "2534"]
[EventDate "2004.11.19"]
[PlyCount "64"]

1.d4 Nf6 2.c4 g6 3.Nc3 Bg7 4.e4 d6 5.f3 O-O 6.Be3 c5 7.d5 e6 8.Qd2 exd5 9.
cxd5 a6 10.O-O-O Re8 11.Nge2 Nbd7 12.Bh6 Bh8 13.Kb1 b5 14.Rc1 Ne5 15.Nf4 
Nfd7 16.Nd1 Nb6 17.h4 Nec4 18.Qe1 Qf6 19.Qf2 a5 20.g4 a4 21.Bxc4 Nxc4 22.
Rxc4 bxc4 23.a3 Rb8 24.Kc1 Rb3 25.Bg5 Qd4 26.Qg2 c3 27.Nxc3 Qe3+ 28.Kc2 
Rxb2+ 29.Kxb2 Qxc3+ 30.Kb1 Bxg4 31.Nd3 Qxd3+ 32.Kc1 Qxa3+ 0-1

[Event "43rd World U20 ch"]
[Site "Kochi IND"]
[Date "2004.11.20"]
[Round "2.18"]
[White "Prasanna, Kannappan"]
[Black "Jianu, Vlad-Cristian"]
[Result "0-1"]
[WhiteElo "2096"]
[BlackElo "2444"]
[EventDate "2004.11.19"]
[PlyCount "64"]

1.e4 c5 2.c3 Nf6 3.e5 Nd5 4.d4 cxd4 5.Nf3 e6 6.cxd4 d6 7.Bc4 Nc6 8.O-O Be7
9.exd6 Qxd6 10.Nc3 O-O 11.Re1 Nf6 12.Bg5 Rd8 13.Qe2 a6 14.Rad1 b5 15.Bd3 
Bb7 16.Ne4 Qd5 17.Nc3 Nxd4 18.Bxh7+ Kxh7 19.Rxd4 Qf5 20.Be3 Rxd4 21.Nxd4 
Qg6 22.Nf3 Nd5 23.Bd2 Nxc3 24.Bxc3 Rd8 25.g3 Qh5 26.Ne5 Qxe2 27.Rxe2 f6 
28.Ng4 Bf3 29.Rxe6 Rd1+ 30.Be1 Bb4 31.Nxf6+ gxf6 32.Kf1 Bg4 0-1

[Event "43rd World U20 ch"]
[Site "Kochi IND"]
[Date "2004.11.20"]
[Round "2.19"]
[White "Arghyadip Das"]
[Black "Mihailidis, Anastasios"]
[Result "1-0"]
[WhiteElo "2353"]
[BlackElo "2278"]
[EventDate "2004.11.19"]
[PlyCount "37"]

1.e4 e5 2.Nf3 Nc6 3.Bc4 Nf6 4.d3 Bc5 5.O-O O-O 6.c3 a6 7.Bb3 d5 8.exd5 
Nxd5 9.Nxe5 Nxe5 10.d4 Ba7 11.dxe5 c6 12.Na3 Re8 13.Kh1 Rxe5 14.c4 Qh4 15.
cxd5 Bg4 16.f3 Bd7 17.Qd2 Be3 18.Qe1 Bf2 19.Qxe5 1-0

[Event "43rd World U20 ch"]
[Site "Kochi IND"]
[Date "2004.11.20"]
[Round "2.20"]
[White "Barbosa, Oliver"]
[Black "Grigorov, Grigor"]
[Result "1-0"]
[WhiteElo "2311"]
[BlackElo "2321"]
[EventDate "2004.11.19"]
[PlyCount "39"]

1.e4 c5 2.Nc3 Nc6 3.Bb5 Nd4 4.Bc4 e6 5.Nge2 Nf6 6.O-O a6 7.a4 d5 8.exd5 
exd5 9.Ba2 Nxe2+ 10.Qxe2+ Be7 11.d3 Be6 12.Bg5 O-O 13.f4 Re8 14.Qf3 g6 15.
Kh1 Bg4 16.Qg3 Bf5 17.Rae1 Nh5 18.Qf3 d4 19.Rxe7 Rxe7 20.Nd5 1-0

[Event "43rd World U20 ch"]
[Site "Kochi IND"]
[Date "2004.11.20"]
[Round "2.21"]
[White "Ilyin, Artem"]
[Black "Karthikeyan, Pandian"]
[Result "1-0"]
[WhiteElo "2522"]
[BlackElo "2131"]
[EventDate "2004.11.19"]
[PlyCount "52"]

1.Nf3 Nf6 2.c4 e6 3.g3 b6 4.Bg2 Bb7 5.O-O Be7 6.Nc3 O-O 7.Re1 d5 8.cxd5 
exd5 9.d4 Re8 10.Bf4 Bd6 11.Bxd6 Qxd6 12.Rc1 a6 13.Qd2 Nbd7 14.Qf4 Qxf4 
15.gxf4 c5 16.e3 cxd4 17.Nxd4 Nc5 18.Red1 Red8 19.b4 Nce4 20.Na4 Nd7 21.
Rc7 Rab8 22.Bxe4 dxe4 23.Nf5 Kf8 24.Rdxd7 Rxd7 25.Rxd7 Bc6 26.Nxb6 Rxb6 
1-0

[Event "43rd World U20 ch"]
[Site "Kochi IND"]
[Date "2004.11.20"]
[Round "2.22"]
[White "Lafuente, Pablo"]
[Black "Bhatti, Ranveersingh"]
[Result "1/2-1/2"]
[WhiteElo "2473"]
[BlackElo "2195"]
[EventDate "2004.11.19"]
[PlyCount "67"]

1.d4 Nf6 2.c4 c5 3.d5 e6 4.Nc3 exd5 5.cxd5 d6 6.Nf3 g6 7.Nd2 Bg7 8.e4 O-O 
9.Be2 Na6 10.O-O Nc7 11.a4 Re8 12.Re1 Rb8 13.Rb1 b6 14.Bf1 a6 15.Nc4 b5 
16.axb5 axb5 17.Na5 Bd7 18.e5 Rxe5 19.Rxe5 dxe5 20.Bg5 h6 21.Bxf6 Qxf6 22.
d6 Ne8 23.Ne4 Qd8 24.Nxc5 Qxa5 25.Nxd7 Rd8 26.b4 Qa6 27.Nc5 Qxd6 28.Qe2 
Rb8 29.Rd1 Qe7 30.Rd7 Qf6 31.Ra7 Qf5 32.Rb7 Rxb7 33.Nxb7 Nc7 34.Nd6 
1/2-1/2

[Event "43rd World U20 ch"]
[Site "Kochi IND"]
[Date "2004.11.20"]
[Round "2.23"]
[White "Smerdon, David"]
[Black "Vaidya Chaitanya, N."]
[Result "1-0"]
[WhiteElo "2425"]
[BlackElo "2184"]
[EventDate "2004.11.19"]
[PlyCount "61"]

1.e4 e6 2.d4 d5 3.e5 c5 4.c3 Nc6 5.Nf3 Qb6 6.Bd3 cxd4 7.cxd4 Bd7 8.O-O 
Nxd4 9.Nbd2 Nc6 10.Nb3 Qc7 11.Bf4 Nge7 12.Bg3 g6 13.Bf4 Bg7 14.Rc1 h6 15.
Re1 a6 16.h4 Bc8 17.Rc3 b6 18.Nbd4 Qd7 19.a4 Bb7 20.Qb3 Qd8 21.Rec1 Rc8 
22.Nxc6 Rxc6 23.Rxc6 Bxc6 24.Bxa6 O-O 25.Nd4 Bd7 26.Qb4 Nc8 27.Bxc8 Bxc8 
28.Nc6 Qxh4 29.Ne7+ Kh7 30.Nxc8 f6 31.Rc7 1-0

[Event "43rd World U20 ch"]
[Site "Kochi IND"]
[Date "2004.11.20"]
[Round "2.26"]
[White "Venkat, S. Sundaram"]
[Black "Mishra, Soumyaranjan"]
[Result "0-1"]
[WhiteElo "2152"]
[BlackElo "2299"]
[EventDate "2004.11.19"]
[PlyCount "134"]

1.e4 Nf6 2.e5 Nd5 3.d4 d6 4.Nf3 Bg4 5.Be2 e6 6.O-O Be7 7.h3 Bh5 8.c4 Nb6 
9.Nc3 O-O 10.Be3 N8d7 11.exd6 cxd6 12.b3 f5 13.Re1 Bf6 14.Nb5 Nc8 15.Rc1 
a6 16.Nc3 Kh8 17.Qd2 Bf7 18.c5 Qa5 19.b4 Qxb4 20.Rb1 Qa5 21.Rec1 b5 22.Qc2
dxc5 23.dxc5 f4 24.Bxf4 Bg6 25.Ne4 Ne7 26.Bd3 Nf5 27.Nxf6 Nxf6 28.Ne5 Bh5 
29.g4 Nd4 30.Qb2 Nxg4 31.Qxd4 Nf6 32.Bg3 Rad8 33.Qh4 Qd2 34.Rc2 Qa5 35.Nc6
Qa3 36.Nxd8 Qxd3 37.Rcc1 Qxd8 38.Bd6 Rf7 39.Re1 Qc8 40.a4 Rb7 41.axb5 axb5
42.Rb3 Bg6 43.Rg3 Bf5 44.Be5 Rf7 45.Qb4 Qc6 46.Bxf6 Rxf6 47.Rd1 h6 48.Rd6 
Qa8 49.Ra3 Rg6+ 50.Rg3 Rxg3+ 51.fxg3 Bxh3 52.c6 Qa1+ 53.Kh2 Qf1 54.Qe4 Bf5
55.Qg2 Qc1 56.Rd7 b4 57.Qd2 Qf1 58.Qg2 Qxg2+ 59.Kxg2 Be4+ 60.Kf2 Bxc6 61.
Rd4 b3 62.Ke3 Bd5 63.Rb4 Kh7 64.Kd4 g5 65.Ke5 Kg6 66.Rb8 Kh5 67.Rb4 Kg6 
0-1

[Event "43rd World U20 ch"]
[Site "Kochi IND"]
[Date "2004.11.20"]
[Round "2.27"]
[White "Olsson, Linus"]
[Black "Arun, Karthik Ravichandra"]
[Result "1-0"]
[WhiteElo "2289"]
[BlackElo "2152"]
[EventDate "2004.11.19"]
[PlyCount "85"]

1.d4 Nf6 2.c4 c5 3.d5 b5 4.Nf3 bxc4 5.Nc3 d6 6.e4 g6 7.Bxc4 Bg7 8.O-O O-O 
9.e5 Ne8 10.e6 f6 11.Qd3 Nc7 12.h4 Ba6 13.b3 Bxc4 14.bxc4 Nba6 15.a3 Qe8 
16.Bd2 Rb8 17.Rab1 f5 18.Rxb8 Qxb8 19.Rb1 Qa8 20.Bg5 Bf6 21.Bxf6 Rxf6 22.
Ng5 Ne8 23.Qc2 Rf8 24.Qa4 Nec7 25.Nf7 Rxf7 26.exf7+ Kxf7 27.Nb5 Qh8 28.
Nxc7 Nxc7 29.Qxa7 Ne8 30.Re1 Qf8 31.a4 Nf6 32.a5 Ne4 33.Qd7 Qa8 34.Ra1 Qa6
35.Qb5 Qc8 36.a6 Qh8 37.Qb1 Qd4 38.Ra2 Nc3 39.Qa1 Nxa2 40.Qxd4 cxd4 41.a7 
d3 42.Kf1 Nc3 43.Ke1 1-0

[Event "43rd World U20 ch"]
[Site "Kochi IND"]
[Date "2004.11.20"]
[Round "2.28"]
[White "Sandeep, Yalamanchili"]
[Black "Rohit, Gogineni"]
[Result "1/2-1/2"]
[WhiteElo "2138"]
[BlackElo "2281"]
[EventDate "2004.11.19"]
[PlyCount "120"]

1.d4 d6 2.Nf3 Nd7 3.c4 e5 4.g3 c6 5.Nc3 Ngf6 6.Qc2 exd4 7.Nxd4 Nb6 8.e4 
Be7 9.b3 d5 10.cxd5 cxd5 11.e5 Ne4 12.Bb5+ Kf8 13.O-O Bh3 14.Rd1 Rc8 15.
Bd2 Qc7 16.Nxe4 Qxe5 17.Nc3 Qxd4 18.Qb2 Qf6 19.Rac1 h6 20.Be3 Kg8 21.Qd2 
Bb4 22.Bd4 Qf3 23.Bf1 Bxf1 24.Rxf1 Kh7 25.Bxg7 Kxg7 26.Qd4+ f6 27.Qxb4 h5 
28.Qe7+ Kh6 29.Nb5 Rhe8 30.Qd6 Rcd8 31.Qc5 h4 32.Rc3 Qg4 33.Nd6 Rf8 34.
Qe3+ Kg6 35.Qe7 Qd7 36.Qxd7 Rxd7 37.Nb5 a6 38.Nd4 Re8 39.Rd1 Rde7 40.Kg2 
hxg3 41.fxg3 Nd7 42.Rc7 Ne5 43.Rxe7 Rxe7 44.Nf3 Ng4 45.Rd2 f5 46.h3 Nf6 
47.Nh4+ Kf7 48.Nxf5 Rc7 49.g4 Rc3 50.Ng3 Rxg3+ 51.Kxg3 Ne4+ 52.Kf4 Nxd2 
53.Ke5 Nf3+ 54.Kxd5 Ke7 55.Kc5 Kd7 56.Kb6 Kc8 57.b4 Kb8 58.a4 Ne5 59.b5 
axb5 60.Kxb5 Nf3 1/2-1/2

[Event "43rd World U20 ch"]
[Site "Kochi IND"]
[Date "2004.11.20"]
[Round "2.29"]
[White "Gopal, Geetha Narayanan"]
[Black "Soumitra, Mujumdar"]
[Result "1-0"]
[WhiteElo "2278"]
[BlackElo "2148"]
[EventDate "2004.11.19"]
[PlyCount "89"]

1.e4 e5 2.Nf3 Nc6 3.Bb5 a6 4.Ba4 Nf6 5.O-O Be7 6.Re1 b5 7.Bb3 d6 8.c3 O-O 
9.d4 Bg4 10.Be3 exd4 11.cxd4 Na5 12.Bc2 c5 13.h3 Bxf3 14.Qxf3 cxd4 15.Bxd4
Nc6 16.Be3 Rc8 17.Nc3 Ne5 18.Qe2 Nc4 19.Bd4 Qd7 20.Rab1 Rfe8 21.a4 Qb7 22.
Bd3 Nd7 23.axb5 axb5 24.Nd5 Nde5 25.Bc2 Bd8 26.f4 Nc6 27.Bf2 Ne7 28.Nxe7+ 
Rxe7 29.Kh1 Bb6 30.Bh4 Ree8 31.Bd3 Bd8 32.Bg3 Bf6 33.b3 Na3 34.Rbd1 Rc3 
35.e5 dxe5 36.fxe5 Bd8 37.Rf1 Rxb3 38.Be4 Qe7 39.Bd5 Rxg3 40.Rxf7 Qxf7 41.
Bxf7+ Kxf7 42.Qf2+ Kg8 43.Qxg3 Be7 44.Qb3+ Kh8 45.Qf7 1-0

[Event "43rd World U20 ch"]
[Site "Kochi IND"]
[Date "2004.11.20"]
[Round "2.30"]
[White "Ruijgrok, Dennis"]
[Black "Phadke, Sohan"]
[Result "1-0"]
[WhiteElo "2255"]
[BlackElo "2125"]
[EventDate "2004.11.19"]
[PlyCount "74"]

1.e4 c5 2.Nf3 Nc6 3.Bb5 e6 4.Bxc6 bxc6 5.d3 d5 6.Nbd2 Ne7 7.O-O Ng6 8.b3 
Be7 9.Bb2 Bf6 10.e5 Be7 11.c4 O-O 12.Rc1 f6 13.Nb1 fxe5 14.Nxe5 Nxe5 15.
Bxe5 Bd6 16.Qe2 Bxe5 17.Qxe5 Rf5 18.Qe3 d4 19.Qe4 Qd6 20.Rce1 Bd7 21.Nd2 
Raf8 22.Qe2 Qe7 23.Ne4 Qh4 24.Ng3 Rg5 25.Qd2 e5 26.Re4 Rf4 27.Rfe1 Rg6 28.
Rxe5 Rh6 29.h3 Rg6 30.R1e4 Rxe4 31.Rxe4 Qf6 32.Qf4 Qxf4 33.Rxf4 Re6 34.Re4
Kf7 35.Rxe6 Kxe6 36.Ne4 Ke5 37.Nxc5 Kf4 1-0

[Event "43rd World U20 ch"]
[Site "Kochi IND"]
[Date "2004.11.20"]
[Round "2.31"]
[White "Sai Srinivas, Dasari"]
[Black "Ashwath, Raja"]
[Result "1-0"]
[WhiteElo "2237"]
[BlackElo "2124"]
[EventDate "2004.11.19"]
[PlyCount "88"]

1.e4 e5 2.Nf3 Nc6 3.Bb5 a6 4.Ba4 Nf6 5.O-O Be7 6.Re1 b5 7.Bb3 d6 8.c3 O-O 
9.h3 Na5 10.Bc2 c5 11.d4 Qc7 12.Nbd2 cxd4 13.cxd4 Nc6 14.Nb3 a5 15.Be3 a4 
16.Nbd2 Bd7 17.Rc1 Rfc8 18.Nf1 Qb7 19.Bb1 exd4 20.Nxd4 Nxd4 21.Qxd4 Bc6 
22.Ng3 Ne8 23.Rcd1 Bf6 24.Qd2 b4 25.Bd4 Be5 26.Nf5 Ra5 27.a3 Bxd4 28.Nxd4 
Raa8 29.axb4 Rab8 30.Nf5 Rd8 31.Qg5 g6 32.Ba2 Kh8 33.Nh6 f6 34.Qf4 Rd7 35.
Ng4 Rdd8 36.Nxf6 Nxf6 37.Qxf6+ Qg7 38.Qc3 Re8 39.Qd2 Qf6 40.f3 Ra8 41.Rc1 
Bd7 42.Qc3 Kg7 43.Red1 Bb5 44.Rd5 Be2 1-0

[Event "43rd World U20 ch"]
[Site "Kochi IND"]
[Date "2004.11.20"]
[Round "2.33"]
[White "Patwardhan, Omkar"]
[Black "Nitin, Senthilvel"]
[Result "1-0"]
[WhiteElo "2212"]
[BlackElo "2119"]
[EventDate "2004.11.19"]
[PlyCount "78"]

1.d4 Nf6 2.c4 g6 3.Nf3 Bg7 4.g3 d6 5.Bg2 O-O 6.O-O Nc6 7.Nc3 e5 8.h3 Nd7 
9.Bg5 f6 10.Be3 Ne7 11.Qd2 Nf5 12.dxe5 Nxe3 13.Qxe3 fxe5 14.Ng5 Nf6 15.
Nce4 Nxe4 16.Nxe4 Bf5 17.Rad1 Qe7 18.c5 Rfd8 19.cxd6 cxd6 20.Nc3 e4 21.g4 
Bxc3 22.bxc3 Be6 23.Qxe4 Rac8 24.Rd3 Qf7 25.a3 Bc4 26.Rd2 d5 27.Qe3 a5 28.
Qb6 a4 29.Rb1 Rd7 30.Rb4 Rc6 31.Qd4 b5 32.e4 Re6 33.e5 g5 34.Rxc4 bxc4 35.
Bxd5 Kh8 36.Qe4 Qe7 37.Re2 Rb6 38.e6 Rdd6 39.Qd4+ Kg8 1-0

[Event "43rd World U20 ch"]
[Site "Kochi IND"]
[Date "2004.11.20"]
[Round "2.35"]
[White "Mandizha, Farai"]
[Black "Phanikanth, J. S. S."]
[Result "1-0"]
[WhiteElo "2200"]
[BlackElo "1985"]
[EventDate "2004.11.19"]
[PlyCount "87"]

1.d4 d5 2.c4 e6 3.Nf3 Nf6 4.Bg5 Be7 5.Nc3 h6 6.Bxf6 Bxf6 7.cxd5 exd5 8.e3 
c6 9.Be2 Bf5 10.O-O O-O 11.b4 a6 12.a4 Nd7 13.b5 axb5 14.axb5 Be7 15.Qb3 
Bd6 16.Rfc1 Nf6 17.Na4 Ne4 18.bxc6 bxc6 19.Rxc6 Qa5 20.Rcc1 Bd7 21.Bd1 
Rfb8 22.Qa2 Rb5 23.Bb3 Rxb3 24.Qxb3 Bxa4 25.Qb7 Rb8 26.Rc8+ Rxc8 27.Qxc8+ 
Kh7 28.Rc1 g6 29.Qb7 Kg7 30.Ne5 Bxe5 31.dxe5 Qd2 32.Rf1 Nc5 33.Qe7 Bb5 34.
Qf6+ Kg8 35.Ra1 Ne6 36.Ra8+ Nf8 37.h4 Qc1+ 38.Kh2 Qc6 39.Qd8 Qc5 40.Rc8 
Qb4 41.f4 Be2 42.e6 fxe6 43.Qf6 Bd3 44.Rc7 1-0

[Event "43rd World U20 ch"]
[Site "Kochi IND"]
[Date "2004.11.21"]
[Round "3.1"]
[White "Bartel, Mateusz"]
[Black "Berkes, Ferenc"]
[Result "0-1"]
[WhiteElo "2481"]
[BlackElo "2630"]
[EventDate "2004.11.19"]
[PlyCount "78"]

1.e4 c5 2.Ne2 d6 3.g3 g6 4.Bg2 Bg7 5.c3 Nf6 6.d4 O-O 7.O-O Qc7 8.h3 e5 9.
Be3 b6 10.f4 Bb7 11.fxe5 dxe5 12.d5 Ne8 13.g4 Nd6 14.Ng3 Nd7 15.Qc1 c4 16.
b4 cxb3 17.axb3 Nc5 18.Qc2 a5 19.Nd2 Rfc8 20.Rfc1 b5 21.c4 Qd8 22.Qd1 bxc4
23.Nxc4 Nb5 24.Ne2 Nd4 25.Nxd4 exd4 26.Bd2 Nd3 27.Rcb1 Nb4 28.Qf3 Ra6 29.
g5 d3 30.Rf1 f5 31.gxf6 Rxf6 32.Qg3 Nc2 33.Rxa5 Nd4 34.Qxd3 Rxf1+ 35.Bxf1 
Qh4 36.Bb4 Nxb3 37.Ra2 Nc1 38.Qd2 Nxa2 39.Qxa2 Qxe4 0-1

[Event "43rd World U20 ch"]
[Site "Kochi IND"]
[Date "2004.11.21"]
[Round "3.3"]
[White "Gupta, Abhijeet"]
[Black "Alexeev, Evgeny"]
[Result "1/2-1/2"]
[WhiteElo "2412"]
[BlackElo "2604"]
[EventDate "2004.11.19"]
[PlyCount "52"]

1.d4 Nf6 2.c4 e6 3.Nf3 b6 4.e3 Bb7 5.Bd3 d5 6.O-O Bd6 7.Nc3 O-O 8.cxd5 
exd5 9.b3 a6 10.Bb2 Nbd7 11.Ne2 Qe7 12.Ng3 g6 13.Rc1 Rfe8 14.Qc2 Rac8 15.
Qe2 Ra8 16.Rc2 Ne4 17.Rfc1 Rec8 18.Nf1 h5 19.Ne1 f5 20.f4 Nf8 21.Nf3 Ne6 
22.Ne5 Bxe5 23.dxe5 Rd8 24.a4 c5 25.Nd2 Nxd2 26.Rxd2 Kg7 1/2-1/2

[Event "43rd World U20 ch"]
[Site "Kochi IND"]
[Date "2004.11.21"]
[Round "3.5"]
[White "Quezada Perez, Yuniesky"]
[Black "Quan, Zhe"]
[Result "1/2-1/2"]
[WhiteElo "2513"]
[BlackElo "2345"]
[EventDate "2004.11.19"]
[PlyCount "64"]

1.e4 c5 2.Nf3 d6 3.d4 cxd4 4.Nxd4 Nf6 5.Nc3 a6 6.Be3 e5 7.Nb3 Be7 8.f3 Be6
9.Qd2 Nbd7 10.O-O-O Rc8 11.g4 Qc7 12.Kb1 b5 13.g5 Nh5 14.Nd5 Bxd5 15.exd5 
Nb6 16.Na5 O-O 17.Rg1 g6 18.Bh3 Rb8 19.Bg4 Nc4 20.Nxc4 bxc4 21.c3 Rb5 22.
Bxh5 gxh5 23.Qc2 Rfb8 24.Bc1 Bf8 25.Rg2 Bg7 26.Qe4 a5 27.Ka1 a4 28.a3 Rb3 
29.Ka2 Qc5 30.Ka1 Qb5 31.Rdd2 Qc5 32.Rd1 Qb5 1/2-1/2

[Event "43rd World U20 ch"]
[Site "Kochi IND"]
[Date "2004.11.21"]
[Round "3.6"]
[White "Tikkanen, Hans"]
[Black "Moradiabadi, Elshan"]
[Result "1-0"]
[WhiteElo "2338"]
[BlackElo "2445"]
[EventDate "2004.11.19"]
[PlyCount "141"]

1.d4 Nf6 2.c4 g6 3.Nc3 Bg7 4.e4 d6 5.h3 O-O 6.Be3 Na6 7.Nf3 c6 8.Be2 Nc7 
9.g4 d5 10.cxd5 cxd5 11.e5 Ne4 12.Nxe4 dxe4 13.Ng5 f5 14.exf6 exf6 15.Bc4+
Nd5 16.Qb3 Kh8 17.Bxd5 fxg5 18.Bxe4 Re8 19.Bg2 Be6 20.d5 Qa5+ 21.Kf1 Bd7 
22.Bf3 Rac8 23.Kg2 Ba4 24.Qa3 Rc2 25.Rab1 Qb5 26.Rhc1 Rxc1 27.Rxc1 Bxb2 
28.Qd6 Be5 29.Qxe5+ Rxe5 30.Bd4 Kg8 31.Bxe5 Qe8 32.Bf6 Qd7 33.Bxg5 Qd6 34.
Bh4 Bb5 35.Bg3 Qa3 36.Rb1 Qa4 37.Re1 Qxa2 38.d6 Bc6 39.Bxc6 bxc6 40.Re7 
Kf8 41.Rxh7 Qd5+ 42.Kh2 Ke8 43.Rg7 g5 44.Rxa7 c5 45.Re7+ Kd8 46.Re5 Qd4 
47.Rxg5 c4 48.Rf5 c3 49.Rf8+ Kd7 50.Rf7+ Kc6 51.Rc7+ Kb6 52.d7 Kb5 53.g5 
c2 54.Rxc2 Qxd7 55.Re2 Kc4 56.Re4+ Kd3 57.Rg4 Ke2 58.g6 Qg7 59.Kg2 Qb7+ 
60.Kg1 Qg7 61.Re4+ Kd3 62.Re6 Kc4 63.Rd6 Kc5 64.Kh2 Qh6 65.h4 Qg7 66.Re6 
Kc4 67.h5 Qh7 68.Re5 Kd4 69.Kg2 Kd3 70.Re3+ Kd4 71.Be5+ 1-0

[Event "43rd World U20 ch"]
[Site "Kochi IND"]
[Date "2004.11.21"]
[Round "3.7"]
[White "Aswin, Jayaram"]
[Black "Wojtaszek, Radoslaw"]
[Result "0-1"]
[WhiteElo "2160"]
[BlackElo "2536"]
[EventDate "2004.11.19"]
[PlyCount "60"]

1.e4 c6 2.d4 d5 3.e5 Bf5 4.Nc3 e6 5.g4 Bg6 6.Nge2 c5 7.Be3 cxd4 8.Nxd4 Bb4
9.Qd2 Nd7 10.f4 Be4 11.Rg1 Rc8 12.Ndb5 a6 13.a3 Be7 14.Nxe4 axb5 15.Ng3 
Bc5 16.Rg2 Bxe3 17.Qxe3 Ne7 18.c3 Qa5 19.Rd1 Nb6 20.Nh5 Nc4 21.Bxc4 Rxc4 
22.Rd4 Rxd4 23.Qxd4 O-O 24.f5 Qa4 25.Qe3 exf5 26.Nxg7 f4 27.Qc5 f3 28.Nf5 
Nxf5 29.gxf5+ fxg2 30.b4 Qc2 0-1